All danish cities on cityquiz.io - Statistics

General Stats
  • This quiz has been taken 3 times
  • The average score is 13 of 340
Answers on the Map
Answers color-coded by a green-red scale on the quiz's map according to % correct below.
 
Answer Stats
Answer % Correct
Aalborg
100%
Århus
100%
Copenhagen
100%
Esbjerg
100%
Kolding
100%
Vejle
100%
Billund
50%
Herning
50%
Horsens
50%
Ikast
50%
Middelfart
50%
Odense
50%
Padborg
50%
Randers
50%
Ribe
50%
Roskilde
50%
Silkeborg
50%
Skagen
50%
Sønderborg
50%
Tønder
50%
Aabenraa
0%
Aars
0%
Åbybro
0%
Ærøskøbing
0%
Åkirkeby
0%
Albertslund
0%
Ålestrup
0%
Allingåbro
0%
Anholt
0%
Arden
0%
Årslev
0%
Årup
0%
Asnæs
0%
Assens
0%
Assentoft
0%
Augustenborg
0%
Auning
0%
Avlum
0%
Ballerup
0%
Beder
0%
Bellinge
0%
Birkerød
0%
Bjæverskov
0%
Bjerringbro
0%
Blovstrød
0%
Bogense
0%
Bøgeskov
0%
Bording Kirkeby
0%
Børkop
0%
Borup
0%
Brædstrup
0%
Bramming
0%
Brande
0%
Brejning
0%
Brenderup
0%
Broager
0%
Brønderslev
0%
Brørup
0%
Brovst
0%
Bullerup
0%
Charlottenlund
0%
Christiansfeld
0%
Christianshavn
0%
Cortex Park
0%
Dianalund
0%
Dragør
0%
Dronninglund
0%
Dybbøl
0%
Ebeltoft
0%
Egtved
0%
Ejby
0%
Espergærde
0%
Faaborg
0%
Farsø
0%
Farum
0%
Faxe
0%
Faxe Ladeplads
0%
Fensmark
0%
Fjerritslev
0%
Fløng
0%
Forlev
0%
Framlev
0%
Fredensborg
0%
Fredericia
0%
Frederiksberg
0%
Frederikshavn
0%
Frederikssund
0%
Frederiksværk
0%
Frejlev
0%
Fuglebjerg
0%
Galten
0%
Ganløse
0%
Gedser
0%
Gilleleje
0%
Gistrup
0%
Give
0%
Gjellerup
0%
Glamsbjerg
0%
Glostrup
0%
Gørlev
0%
Græsted
0%
Gram
0%
Gråsten
0%
Grenaa
0%
Greve
0%
Grindsted
0%
Guderup
0%
Gundsømagle
0%
Haderslev
0%
Hadsten
0%
Hadsund
0%
Hals
0%
Hammel
0%
Hammerum
0%
Hanstholm
0%
Harboøre
0%
Hårby
0%
Hårlev
0%
Harndrup
0%
Haslev
0%
Havdrup
0%
Havneby
0%
Hedensted
0%
Hellebæk
0%
Helsinge
0%
Helsingør
0%
Hillerød
0%
Hinnerup
0%
Hirtshals
0%
Hjallerup
0%
Hjørring
0%
Hjortshøj
0%
Hobro
0%
Højby
0%
Højslev
0%
Holbaek
0%
Holeby
0%
Holstebro
0%
Holsted
0%
Høng
0%
Hornbæk
0%
Hørning
0%
Hornslet
0%
Hornsyld
0%
Hørsholm
0%
Høruphav
0%
Hørve
0%
Humlebæk
0%
Hundested
0%
Hurup
0%
Hvide Sande
0%
Hvidovre
0%
Isenvad
0%
Ishøj
0%
Jægerspris
0%
Jelling
0%
Juelsminde
0%
Jyderup
0%
Jyllinge
0%
Kalundborg
0%
Karup
0%
Kås
0%
Kerteminde
0%
Kibæk
0%
Kirke Hvalsø
0%
Kjellerup
0%
Klarup
0%
Køge
0%
Kolt
0%
Kongens Lyngby
0%
Korsør
0%
Kruså
0%
Langå
0%
Langeskov
0%
Lejre
0%
Lemvig
0%
Lillerød
0%
Lind
0%
Liseleje
0%
Løgstør
0%
Løgten
0%
Løgumkloster
0%
Løjt Kirkeby
0%
Løkken
0%
Lunderskov
0%
Lynge
0%
Lystrup
0%
Malling
0%
Måløv
0%
Mariager
0%
Maribo
0%
Mårslet
0%
Marstal
0%
Munkebo
0%
Naestved
0%
Nakskov
0%
Neder Holluf
0%
Neder Vindinge
0%
Nexø
0%
Nibe
0%
Nivå
0%
Nødebo
0%
Nordborg
0%
Nordby
0%
Nørre Åby
0%
Nørre Alslev
0%
Nørresundby
0%
Nyborg
0%
Nykøbing Falster
0%
Nykøbing Mors
0%
Nykøbing Sjælland
0%
Nyråd
0%
Odder
0%
Oksbøl
0%
Ølgod
0%
Ølstykke
0%
Ørslev
0%
Osted
0%
Otterup
0%
Pandrup
0%
Præstø
0%
Rejnstrup
0%
Ringe
0%
Ringkøbing
0%
Ringsted
0%
Rødby
0%
Rødbyhavn
0%
Rødding
0%
Rødekro
0%
Rødovre
0%
Rødvig
0%
Rønde
0%
Rønne
0%
Rønnede
0%
Rudkøbing
0%
Ry
0%
Ryomgård
0%
Sabro
0%
Sæby
0%
Sakskøbing
0%
Seden
0%
Sindal
0%
Skælskør
0%
Skaerbaek
0%
Skævinge
0%
Skanderborg
0%
Skibby
0%
Skive
0%
Skjern
0%
Skørping
0%
Skovby
0%
Slagelse
0%
Slangerup
0%
Smørumnedre
0%
Snejbjerg
0%
Snoghøj
0%
Søften
0%
Solbjerg
0%
Solrød
0%
Sønder Bjert
0%
Søndersø
0%
Sorø
0%
Sortsø Strand
0%
Spentrup
0%
Starup
0%
Stavnsholt
0%
Stavtrup
0%
Stege
0%
Stenlille
0%
Stenløse
0%
Stige
0%
Stilling
0%
Stoholm
0%
Store Heddinge
0%
Storvorde
0%
Støvring
0%
Strandby
0%
Strib
0%
Strøby
0%
Struer
0%
Stubbekøbing
0%
Stubberup
0%
Sundby
0%
Sunds
0%
Svebølle
0%
Svejbæk
0%
Svendborg
0%
Svenstrup
0%
Svinninge
0%
Svogerslev
0%
Taastrup
0%
Tarm
0%
Tårnby
0%
Tårs
0%
Taulov
0%
Thisted
0%
Thurø
0%
Thyborøn
0%
Tinglev
0%
Tjæreborg
0%
Toftlund
0%
Tølløse
0%
Tommerup
0%
Tommerup Stationsby
0%
Tørring
0%
Tranbjerg
0%
Trige
0%
Troelseby
0%
Trørød
0%
Tune
0%
Ulfborg
0%
Ullerslev
0%
Ulstrup
0%
Vadum
0%
Værløse
0%
Vallensbæk
0%
Vamdrup
0%
Varde
0%
Vejen
0%
Veksø
0%
Vestbjerg
0%
Vester Hassing
0%
Vester-Skerninge
0%
Viborg
0%
Viby
0%
Videbæk
0%
Vildbjerg
0%
Vindeby
0%
Vinderup
0%
Vindinge
0%
Vipperød
0%
Virklund
0%
Vissenbjerg
0%
Vodskov
0%
Vojens
0%
Vordingborg
0%
Vrå
0%
No matching quizzes found
Score Distribution
Percent of People with Each Score
Percentile by Number Answered
Your Score History
You have not taken this quiz